000 00656nam a2200229 a 4500
001 48207
003 BD-RjUL
005 20211209054459.0
008 160813b1971 bg ||||| |||| 00| 0 eng d
020 _c: IRs.15.00
035 _a(BD-RjUL)48326
040 _aBD-RjUL
_beng
_cBD-RjUL
_dBD-RjUL
041 _aeng
082 _223
_a150
_bALP 1971
100 _aAli, Muhammad Raushan
_9146029
245 1 0 _aPsychology :
_bThe Science of Behaviour /
_cMuhammad Raushan Ali
260 _aDacca :
_bMullik brothers,
_c1971
300 _a496 p. :
_bill. ;
_c24 cm.
504 _aIncludes Bibliography and Index
650 _aPsychology
_9146030
942 _2ddc
_cBK
999 _c48207
_d48207